000 00185nam a2200085Ia 4500
003 GCL
008 140319s9999 xx 000 0 ara d
040 _aGCL /
_cGCL
082 0 4 _aك
_b17506 09208
999 _c6218
_d6218